=LDR 00000nam 2200000 4500 =001 INLIS000000000017498 =005 20130612112716 =008 ***********************************Ind** =035 ##$$0010-061300000017498 =041 ##$$a Ind =082 ##$$a 617.463 =090 ##$$a 617.463, Her t =100 ##$$a Hermana, Asep =245 ##$$a Teknik khitan, panduan lengkap sistematis dan praktik, dr Asep Hermana, S =260 ##$$a 2000 $b Jakarta =300 ##$$a viii, 97 hlm, ilus, 21 cm =650 ##$$a Sirkumsisi =850 ##$$a NBPNMAT